LEADER 01395nam a2200325 a 4500 001 000000128371 003 CaOOAMICUS 005 20120417114543.0 008 120417s2012 it a 000 0 ita r 040 $aPUL$bita 082 04$a750 100 0 $aCappelletti, Francesca,$d1964-$0(OLS)http://pul/name/82027 245 10$aCaravaggio /$cFrancesca Cappelletti ; catalogo di Laura Bartoni ... [et al.]. 250 $aEd. speciale per il Sole 24 Ore. 260 $aMilano :$bIl Sole 24 ore,$c2012$aFirenze :$bE-ducation.it S.p.a.,$c2012. 300 $a157 p. :$bill. ;$c21 cm 490 1 $aI grandi maestri ;$v1 500 $aIn custodia. 504 $aInclude riferimenti bibliografici. 600 14$aCaravaggio, Michelangelo Merisi da,$d1573-1610.$0(OLS)http://pul/subject/37561 700 1 $aBartoni, Laura.$0(OLS)http://pul/name/82026 830 2$aI grandi maestri ;$v1.$0(OLS)http://pul/title/162243 850 $aPUL 852 $aPUL$W1$xDP2 Cons. Gen., Altre Classi 3$y97$m750 COLL 2.1$j148677$qDDC 21$B147199$CPULBib$Z2$F147199 $H119459 $82 941 1 $a9 996 $6082$a750$9(OLS)http://pul/classification/363 996 $6245$aCaravaggio$9(OLS)http://pul/title/157614 996 $6260$aMilano :$bIl Sole 24 ore$9(OLS)http://pul/publisher/69212 996 $6260$aFirenze :$bE-ducation.it S.p.a.$9(OLS)http://pul/publisher/81559 LEADER 01425nam a2200349 a 4500 001 000000149283 003 CaOOAMICUS 005 20160210120442.0 008 160210s2014 it u000 u ita r 020 $a978-88-07-88237-1* 032 $aLibriCat 040 $aPUL$bita 082 04$a128 100 1 $aGalimberti, Umberto,$d1942-.$0(OLS)http://pul/name/8525 245 13$aIl corpo /$cUmberto Galimberti. 250 $aNuova ed. [22. ed.] 260 $aMilano :$bFeltrinelli,$c2014. 300 $a599 p. ;$c20 cm. 490 1 $aUniversale economica. Saggi ;$v8237 490 1 $aOpere ;$v05 504 $aInclude riferimenti bibliografici. 650 4$aCorpo umano (filosofia).$0(OLS)http://pul/subject/21509 800 1 $aGalimberti, Umberto,$d1942-.$tOpera omnia ;$v05.$0(OLS)http://pul/nameTitle/1871$0(OLS)http://pul/name/8525$0(OLS)http://pul/title/2415 830 0$aUniversale economica.$pSaggi ;$v8237.$0(OLS)http://pul/title/159380 850 $aPUL 852 $aPUL$W1$xSL Filosofia 3$y81$m128 GALUM 2$j171935$qDDC 21$B173526$CPULBib$Z2$F173526 $H126996 $81 941 1 $a9 996 $6020$a978-88-07-88237-1*$9(OLS)http://pul/number/159617 996 $6082$a128$9(OLS)http://pul/classification/461 996 $6245$aIl corpo$9(OLS)http://pul/title/83632 996 $6260$aMilano :$bFeltrinelli$9(OLS)http://pul/publisher/48846